Ekonomika podniku MH a VD Praktikum

Guardado en:
Detalles Bibliográficos
Autor principal: Šulajová, Irena
Autor Corporativo: Vysoká škola ekonomická v Bratislave. Fakulta ekonomiky služieb a cestovného ruchu v Banskej Bystrici
Formato: Libro
Lenguaje:eslovaco
Publicado: Bratislava VŠE 1987
Edición:1. vyd.
Etiquetas: Agregar Etiqueta
Sin Etiquetas, Sea el primero en etiquetar este registro!

MARC

LEADER 00000nam a2200000 4500
001 c024665
005 20221219094453.4
041 0 |a slo 
044 |a SK 
245 1 0 |a Ekonomika podniku MH a VD  |b Praktikum  |c Irena Šulajová a kol. 
250 |a 1. vyd. 
264 1 |a Bratislava  |b VŠE  |c 1987 
300 |a 401 s. 
100 1 |a Šulajová, Irena 
710 2 |a Vysoká škola ekonomická v Bratislave. Fakulta ekonomiky služieb a cestovného ruchu v Banskej Bystrici